Кинетика электровосстановления катионов в присутствии поверхностно-активных спиртов на свинцовом поликристаллическом электроде: автореферат диссертации на соискание ученой степени кандидата химических наук; спец. 02.00.04

书目详细资料
主要作者: Гоголев Н. В. Николай Васильевич
企业作者: Ленинградский технологический институт им. Ленсовета (ЛТИ)
其他作者: Афанасьев Б. Н. Борис Николаевич (научный руководитель), Лизогуб А. В. Анатолий Владимирович
总结:Защита сост. 22.12.1982 г.
语言:俄语
出版: Ленинград, [Б. и.], 1982
主题:
格式: 图书
KOHA link:https://koha.lib.tpu.ru/cgi-bin/koha/opac-detail.pl?biblionumber=336467

MARC

LEADER 00000nam0a2200000 4500
001 336467
005 20231102004846.0
035 |a (RuTPU)RU\TPU\book\362883 
090 |a 336467 
100 |a 20171016d1982 k y0rusy50 ca 
101 0 |a rus 
102 |a RU 
105 |a a dm 001zy 
200 1 |a Кинетика электровосстановления катионов в присутствии поверхностно-активных спиртов на свинцовом поликристаллическом электроде  |e автореферат диссертации на соискание ученой степени кандидата химических наук  |e спец. 02.00.04  |f Н. В. Гоголев  |g Ленинградский технологический институт им. Ленсовета (ЛТИ) ; науч. рук. Б. Н. Афанасьев , А. В. Лизогуб 
210 |a Ленинград  |c [Б. и.]  |d 1982 
215 |a 23 с.  |c ил. 
300 |a Защита сост. 22.12.1982 г. 
320 |a Библиогр.: с. 23 (5 назв.) 
606 1 |a Электрохимическое восстановление  |2 stltpush  |3 (RuTPU)RU\TPU\subj\70833  |9 85003 
610 1 |a электродные процессы 
610 1 |a ингибирование 
610 1 |a количественная теория 
610 1 |a поверхностно-активные вещества 
610 1 |a ионы 
610 1 |a разряд 
610 1 |a кинетика 
610 1 |a поверхностно-активные спирты 
610 1 |a авторефераты диссертаций 
610 1 |a библиотека А. Г. Стромберга 
675 |a 544.653.2/.3(04)  |v 4 
686 |a 02.00.04  |2 oksvnk 
700 1 |a Гоголев  |b Н. В.  |g Николай Васильевич 
702 1 |a Афанасьев  |b Б. Н.  |g Борис Николаевич  |4 727 
702 1 |a Лизогуб  |b А. В.  |g Анатолий Владимирович  |4 727 
712 0 2 |a Ленинградский технологический институт им. Ленсовета (ЛТИ)  |2 stltpush  |3 (RuTPU)RU\TPU\col\1462 
801 1 |a RU  |b 63413507  |c 20171016 
801 2 |a RU  |b 63413507  |c 20180205  |g RCR 
942 |c BK